Plano de Pamplona [ (Record no. 185969)
[ view plain ]
| 000 -LEADER | |
|---|---|
| campo de control de longitud fija | 01055nem a2200241 i 4500 |
| 001 - NÚMERO DE CONTROL | |
| campo de control | 185969 |
| 003 - IDENTIFICADOR DE NÚMERO DE CONTROL | |
| campo de control | ES-MaACL |
| 005 - FECHA Y HORA DE LA ÚLTIMA TRANSACCIÓN | |
| campo de control | 20250830195445.0 |
| 008 - DATOS DE LONGITUD FIJA--INFORMACIÓN GENERAL | |
| campo de control de longitud fija | 160831s1882 sp | | | ||spa d |
| 130 0# - ENTRADA PRINCIPAL--TÍTULO UNIFORME | |
| Título uniforme | Pamplona (Navarra). |
| Subencabezamiento de forma | Planos de población ( |
| Fecha de la firma de un tratado | 1882) |
| 9 (RLIN) | 160644 |
| 245 10 - MENCIÓN DEL TÍTULO | |
| Título | Plano de Pamplona [ |
| Medio | Material cartográfico] / |
| Mención de responsabilidad, etc. | levantado por una Comisión de Oficiales del Cuerpo de E.M. del Ejército. |
| 255 ## - DATOS MATEMÁTICOS CARTOGRÁFICOS | |
| Mención de escala | 1:5.000. |
| 260 ## - PUBLICACIÓN, DISTRIBUCIÓN, ETC. | |
| Lugar de publicación, distribución, etc. | [Madrid : |
| Nombre del editor, distribuidor, etc. | Publicado por el Depósito de la Guerra, |
| Fecha de publicación, distribución, etc. | en 1882. |
| 300 ## - DESCRIPCIÓN FÍSICA | |
| Extensión | 1 plano ; |
| Dimensiones | 66 x 70 cm. |
| 500 ## - NOTA GENERAL | |
| Nota general | Representa el recinto amurallado. |
| 530 ## - NOTA DISPONIBLE DE FORMULARIO FÍSICO ADICIONAL | |
| Nota de formato físico adicional disponible | Disponible en formato digital. |
| 592 ## - | |
| -- | Orientado con flecha indicando variación magnética. - Las manzanas sombreadas. |
| 710 2# - ENTRADA AGREGADA--NOMBRE DE ENTIDAD CORPORATIVA | |
| Nombre de entidad corporativa o nombre de jurisdicción como elemento de entrada | Comisión de Oficiales del Cuerpo de Estado Mayor del Ejército (España) |
| 9 (RLIN) | 160630 |
| 710 1# - ENTRADA AGREGADA--NOMBRE DE ENTIDAD CORPORATIVA | |
| Nombre de entidad corporativa o nombre de jurisdicción como elemento de entrada | España. |
| Unidad subordinada | Depósito de la Guerra. |
| 9 (RLIN) | 167579 |
| 852 ## - LOCALIZACIÓN | |
| Ubicación | ES-MaACL |
| Número de control de estantería | G-6615 |
| 856 ## - LOCALIZACIÓN Y ACCESO ELECTRÓNICOS | |
| Identificador Uniforme de Recursos | <a href="http://bdh-rd.bne.es/viewer.vm?id=0000017653&page=1 ">http://bdh-rd.bne.es/viewer.vm?id=0000017653&page=1 </a> |
| Nota pública | Biblioteca Digital Hispánica |
| Estatus retirado | Estado de pérdida | Estado de daño | No para préstamo | Colección | Biblioteca de origen | Biblioteca actual | Ubicación en estantería | Fecha de adquisición | Fuente de adquisición | Total de préstamos | Signatura topográfica completa | Código de barras | Visto por última vez | Precio de reemplazo | Tipo de ítem Koha |
|---|---|---|---|---|---|---|---|---|---|---|---|---|---|---|---|
| Colección digital | Biblioteca del Ateneo de Madrid | Biblioteca del Ateneo de Madrid | Depósito 2 | 31/08/2016 | G-6615 | 1196057 | 23/02/2023 | 23/02/2023 | Mapa |
